Word Ladder: Ambivalent Vulcan Trick Quiz Stats

 Plays Quiz Updated Aug 10, 2017

Support Sporcle.
Go Orange.
Score 0/15 Timer 01:30
0 Plays Today
Clue 4-Letter Word % Correct
Stop! '___ do that!'•DON'T•
98.4%
Locate lost objectFIND
96.3%
Bid a ___ farewellFOND
92.9%
Money depositoryBANK
91.9%
Garamond or Comic Sans, e.g.FONT
91.6%
Hockey skater's arenaRINK
91%
Source of diamondsMINE
89.8%
Terrible thing to waste•MIND•
88.5%
Clue 4-Letter Word % Correct
Position or orderRANK
88.3%
Twist (in the road)BEND
86%
Styx or Stones e.g.BAND
84%
To repairMEND
83.5%
Descend (to Davy Jones' locker)SINK
82.6%
Cosecant's reciprocalSINE
79.7%
Blend together•MELD•
61.2%

Today's Daily Dose

You're not logged in!

Compare scores with friends on all Sporcle quizzes.
OR
Log In
Forgot?

From the Vault

Sci-Fi Movies of the Last 25 Years

by lolshortee

Some of these films might be more fiction than science.
Remove Ads.
Support Sporcle.
Get the best of Sporcle when you Go Orange. This ad-free experience offers more features, more stats, and more fun while also helping to support Sporcle. Thank you for becoming a member.

Show Comments

Extras

Top Quizzes Today


Score Distribution

Your Account Isn't Verified!

In order to create a playlist on Sporcle, you need to verify the email address you used during registration. Go to your Sporcle Settings to finish the process.

Report this User

Report this user for behavior that violates our Community Guidelines.

Details: